[Event "GRE-chT 42nd"]
[Site "Porto Rio"]
[Date "2014.07.03"]
[Round "7.6"]
[White "Lemoni, Maria Ioanna"]
[Black "Avramidou, Anastasia"]
[Result "0-1"]
[WhiteElo "1583"]
[BlackElo "2007"]
[PlyCount "112"]
[EventDate "2014.06.28"]
[EventType "team-swiss"]
[EventRounds "7"]
[EventCountry "GRE"]
[SourceTitle "CBM 161 Extra"]
[Source "ChessBase"]
[SourceDate "2014.08.29"]
[SourceVersion "1"]
[SourceVersionDate "2014.08.29"]
[SourceQuality "1"]
[WhiteTeam "Nice Fysiolatris"]
[BlackTeam "Peristeriou CP"]
[WhiteTeamCountry "GRE"]
[BlackTeamCountry "GRE"]

1. c4 Nf6 2. g3 g6 3. Bg2 d5 4. cxd5 Nxd5 5. Nc3 Nb6 6. Nf3 Bg7 7. 0-0 0-0 8. d3 c6 9. Bd2 Re8 10. a3 h6 11. Rb1 e5 12. b4 Nd5 13. Qc2 Be6 14. Rfc1 Nd7 15. Ne4 Qe7 16. Nc5 Nxc5 17. Qxc5 Qxc5 18. Rxc5 Nb6 19. Rc2 Bd5 20. e4 Be6 21. Be3 Red8 22. Ne1 Nc8 23. Bf1 f5 24. Rd2 Nd6 25. f3 Nb5 26. Nc2 Rd7 27. f4 exf4 28. gxf4 fxe4 29. dxe4 Rxd2 30. Bxd2 Rd8 31. Be3 Nc3 32. Re1 Nxe4 33. Bxa7 Bf5 34. Ne3 Ra8 35. Nxf5 gxf5 36. Bf2 Rxa3 37. Rd1 Rf3 38. Bg2 Rxf4 39. Be3 Rg4 40. Rf1 Nd6 41. Bc5 Bd4+ 42. Kh1 Bxc5 43. bxc5 Nc4 44. Bh3 Rg5 45. Bxf5 Kg7 46. Be6 Rxc5 47. Rf7+ Kg6 48. Rxb7 Ne3 49. h3 Kg5 50. Kg1 Kf4 51. Rh7 Kg3 52. Rg7+ Rg5 53. Rf7 c5 54. Rf6 h5 55. Rf2 c4 56. Rd2 Ra5 0-1

[Event "GRE-chT 42nd"]
[Site "Porto Rio"]
[Date "2014.06.29"]
[Round "3.6"]
[White "Lemoni, Maria Ioanna"]
[Black "Kafetzi, Angeliki"]
[Result "0-1"]
[WhiteElo "1583"]
[BlackElo "1757"]
[PlyCount "108"]
[EventDate "2014.06.28"]
[EventType "team-swiss"]
[EventRounds "7"]
[EventCountry "GRE"]
[SourceTitle "CBM 161 Extra"]
[Source "ChessBase"]
[SourceDate "2014.08.29"]
[SourceVersion "1"]
[SourceVersionDate "2014.08.29"]
[SourceQuality "1"]
[WhiteTeam "Nice Fysiolatris"]
[BlackTeam "Kavalas CN"]
[WhiteTeamCountry "GRE"]
[BlackTeamCountry "GRE"]

1. d4 Nf6 2. Nf3 e6 3. e3 b6 4. Bd3 Bb7 5. Nbd2 d5 6. b3 Be7 7. 0-0 0-0 8. c4 c5 9. Bb2 Nbd7 10. Ne5 Rc8 11. Rc1 dxc4 12. Nxd7 Qxd7 13. Bxc4 Rfd8 14. Nf3 Bd6 15. Qe2 Bb8 16. dxc5 Rxc5 17. Rfd1 Qe8 18. h3 Rdc8 19. Bd4 Rf5 20. Bxf6 gxf6 21. e4 Rfc5 22. b4 R5c7 23. Nd4 a6 24. Rc2 Bxe4 25. Nxe6 Bxc2 26. Qg4+ Bg6 27. Nxc7 Bxc7 28. Rd7 Bh2+ 29. Kxh2 Rxc4 30. Qxc4 Qxd7 31. Qxa6 Qd6+ 32. Kg1 Qxb4 33. Qc8+ Kg7 34. Qa6 b5 35. Qb6 Qb1+ 36. Kh2 Qxa2 37. Qxb5 Qxf2 38. Qb4 Qe2 39. Qh4 Be4 40. Qg3+ Bg6 41. Qh4 Qe5+ 42. Kh1 Qg5 43. Qf2 Be4 44. Kh2 Qxg2+ 45. Qxg2+ Bxg2 46. Kxg2 Kg6 47. Kg3 Kg5 48. Kf3 Kh4 49. Kg2 h5 50. Kh2 f5 51. Kg2 f4 52. Kf3 Kxh3 53. Kxf4 h4 54. Kg5 Kg3 0-1

[Event "Attica-ch U14 Girls"]
[Site "Athens"]
[Date "2014.04.14"]
[Round "5.3"]
[White "Palioura, Paraskevi"]
[Black "Lemoni, Maria Ioanna"]
[Result "0-1"]
[WhiteElo "1163"]
[BlackElo "1586"]
[PlyCount "92"]
[EventDate "2014.04.11"]
[EventType "swiss"]
[EventRounds "7"]
[EventCountry "GRE"]
[SourceTitle "EXT 2024"]
[Source "ChessBase"]
[SourceDate "2023.10.10"]
[SourceVersion "1"]
[SourceVersionDate "2023.10.10"]
[SourceQuality "1"]

1. d4 Nf6 2. c4 e6 3. g3 Be7 4. Bg2 0-0 5. Nf3 c5 6. 0-0 cxd4 7. Nxd4 Nc6 8. e3 Nxd4 9. exd4 d5 10. cxd5 Nxd5 11. Nc3 Nxc3 12. bxc3 Bf6 13. Bf4 Qa5 14. Qc2 e5 15. dxe5 Bxe5 16. Bxe5 Qxe5 17. Rfe1 Qf6 18. Re3 Rb8 19. Rae1 Be6 20. Be4 h6 21. Rf3 Qg5 22. Bh7+ Kh8 23. Rfe3 a6 24. Re5 Qf6 25. Bf5 Bxf5 26. Rxf5 Qg6 27. Qe4 f6 28. Rf4 Qf7 29. Qc2 Rfe8 30. Rfe4 Rxe4 31. Rxe4 Rc8 32. Rb4 Qc7 33. Rb3 b5 34. Qb2 Qc4 35. Ra3 Re8 36. Qd2 Re2 37. Qd8+ Kh7 38. Rxa6 Qe4 39. Qd1 Re1+ 40. Qxe1 Qxe1+ 41. Kg2 Qxc3 42. h4 Qc7 43. Ra3 Qc6+ 44. Kh2 Qc5 45. Re3 Qc2 46. a3 Qxf2+ 0-1

[Event "Attica-ch U14 Girls"]
[Site "Athens"]
[Date "2014.04.13"]
[Round "3.2"]
[White "Lemoni, Maria Ioanna"]
[Black "Louka, Magdalini"]
[Result "0-1"]
[WhiteElo "1586"]
[BlackElo "1379"]
[PlyCount "80"]
[EventDate "2014.04.11"]
[EventType "swiss"]
[EventRounds "7"]
[EventCountry "GRE"]
[SourceTitle "EXT 2024"]
[Source "ChessBase"]
[SourceDate "2023.10.10"]
[SourceVersion "1"]
[SourceVersionDate "2023.10.10"]
[SourceQuality "1"]

1. d4 d5 2. Nf3 Nf6 3. e3 Bf5 4. c4 e6 5. Nc3 c6 6. Qb3 Qb6 7. Qxb6 axb6 8. a3 Bd6 9. Nh4 Bc2 10. Kd2 Be4 11. f3 Bg6 12. g4 Nbd7 13. b4 Bxb4 14. Bb2 Bd6 15. Ng2 h6 16. Be2 0-0 17. h4 Ra5 18. h5 Bh7 19. Nh4 dxc4 20. Bxc4 b5 21. Be2 Rfa8 22. Nb1 b4 23. e4 bxa3 24. Bc3 Bf4+ 25. Ke1 R5a7 26. Bb4 Bc1 27. Bc3 Bb2 28. Bxb2 axb2 29. Rxa7 Rxa7 30. Kd2 Ra4 31. Kc3 e5 32. dxe5 Nxe5 33. Rd1 Ra8 34. Kxb2 Rf8 35. Rg1 b5 36. f4 Ned7 37. e5 Nd5 38. Ng2 Be4 39. Nc3 Bxg2 40. Nxd5 Bxd5 0-1

[Event "Attica-ch U14 Girls"]
[Site "Athens"]
[Date "2014.04.12"]
[Round "2.1"]
[White "Grafakou, Sotiria Aphrodite"]
[Black "Lemoni, Maria Ioanna"]
[Result "1/2-1/2"]
[WhiteElo "1403"]
[BlackElo "1586"]
[PlyCount "130"]
[EventDate "2014.04.11"]
[EventType "swiss"]
[EventRounds "7"]
[EventCountry "GRE"]
[SourceTitle "EXT 2024"]
[Source "ChessBase"]
[SourceDate "2023.10.10"]
[SourceVersion "1"]
[SourceVersionDate "2023.10.10"]
[SourceQuality "1"]

1. d4 Nf6 2. c4 e6 3. Nf3 b6 4. g3 Bb7 5. Bg2 Bb4+ 6. Bd2 Qe7 7. Nc3 0-0 8. 0-0 d6 9. Qc2 Bxc3 10. Bxc3 Be4 11. Qd2 Nbd7 12. Ng5 Bxg2 13. Kxg2 h6 14. Nf3 Ne4 15. Qd3 f5 16. Nd2 Nxd2 17. Bxd2 e5 18. dxe5 dxe5 19. Qd5+ Kh8 20. Bc3 Rad8 21. Qd2 Nf6 22. Qc2 f4 23. Rad1 Nd7 24. Qe4 Rde8 25. f3 fxg3 26. hxg3 Nf6 27. Qc2 e4 28. Bxf6 gxf6 29. e3 f5 30. f4 Rg8 31. Rh1 Rg6 32. Rd5 Reg8 33. Rh3 Qf7 34. Qc3+ Kh7 35. Qe5 Rf6 36. b3 c6 37. Rd6 Rxd6 38. Qxd6 Rg6 39. Qe5 Qf6 40. Qxf6 Rxf6 41. Kf2 Rd6 42. Ke2 Kg6 43. Rh1 Kf7 44. Rh5 Rf6 45. Rh4 a5 46. g4 fxg4 47. Rxg4 Rf5 48. Rg1 b5 49. cxb5 cxb5 50. Rc1 Rh5 51. Rf1 Ke6 52. a3 Rd5 53. Rd1 Rh5 54. Rf1 Rc5 55. Kd2 Rd5+ 56. Ke2 Rd3 57. Rh1 Rxb3 58. Rxh6+ Kf5 59. Rh5+ Kg6 60. Rg5+ Kf6 61. Re5 a4 62. Rxe4 b4 63. Kd2 Rb2+ 64. Kc1 bxa3 65. Rxa4 Rb3 1/2-1/2